Innovation Management Anamnesis in the Slovak and Czech Public Sector

Inovačný manažment vo verejnom sektore, jeho úlohy. Analýza inovačného manažmentu vo verejnom sektore Slovenskej a Českej republiky. Swot analýza -príklad mesta Trnava a Chomutov.

Saved in:
Bibliographic Details
Main Author: Lukáč, Michal
Other Authors: Halmo, Martin
Format: Book Chapter
Language:English
Subjects:
Tags: Add Tag
No Tags, Be the first to tag this record!

MARC

LEADER 00000naa a2200000 4500
001 0246840
005 20220713131115.0
041 0 |a eng 
044 |a CZ 
245 1 0 |a Innovation Management Anamnesis in the Slovak and Czech Public Sector  |c Michal Lukáč, Martin Halmo 
520 |a Inovačný manažment vo verejnom sektore, jeho úlohy. Analýza inovačného manažmentu vo verejnom sektore Slovenskej a Českej republiky. Swot analýza -príklad mesta Trnava a Chomutov. 
610 2 0 |a analýza swot 
610 2 0 |a manažment inovačný 
610 2 0 |a sektor verejný 
610 2 0 |a Slovensko 
610 2 0 |a Česko 
610 2 0 |a benchmarking 
100 1 |a Lukáč, Michal 
700 1 |a Halmo, Martin